000 00559nam a2200205Ia 4500
003 OSt
005 20241104165545.0
008 210210b1968 xxu||||| |||| 00| 0 eng d
040 _cAL
041 _aeng
082 _a522.682 SMIR
100 _aSMITH (Alex G) & CARR (T D).
_9184135
245 _aRadio exploration of the planetary system.(Commission on college physics: momentum.2).
260 _aLondon
_bD V N Co
_c1968
300 _avi,148
650 _aRadio planetary
_9184136
690 _aAstronomy
_9184137
906 _a039701
942 _2ddc
_cBK
999 _c89555
_d89555